000 00614nam a2200181 a 4500
008 120416s1988 ||||||||||||||||| || u
020 _a0408029706
050 _aTA 684 Lee
100 _aLeech, L. V. (Leslie Victor), 1916-
245 1 0 _aStructural steelwork for students
250 _a2nd ed.
260 _aLondon:
_bButterworths
_c1988
300 _a(viii), 75p. : ill.
350 _a0.00
650 _aSTEEL, STRUCTURAL
650 _aBUILDINGS--IRON AND STEEL
995 _D0.00
_FCBU-MAIN LIBRARY (Kitwe)
_H1
_I9.95
_UDAMAGED
_ZMain Library Open Access Collection
999 _c58700
_d58700